|
|
|
|
| LEADER |
01273nam a2200301 a 4500 |
| 001 |
14701621 |
| 008 |
100830s2008 ilua 000 0 eng d |
| 999 |
|
|
|c 9406
|d 9406
|
| 010 |
|
|
|a 2007002186
|
| 020 |
|
|
|a 9781568987101 (pbk.)
|
| 020 |
|
|
|a 1568987102 (pbk.)
|
| 040 |
|
|
|a DLC
|c DLC
|d YDX
|d BTCTA
|d BAKER
|d YDXCP
|d BWX
|d IXA
|d DLC
|d DB-DhAAL
|
| 082 |
0 |
0 |
|a 720.922
|2 22
|
| 100 |
1 |
|
|a Lewis, Paul,
|d 1966-
|9 32190
|
| 245 |
1 |
0 |
|a Lewis.Tsurumaki.Lewis :
|b opportunistic architecture /
|c Paul Lewis, Marc Tsurumaki, David J. Lewis.
|
| 250 |
|
|
|a 1st ed.
|
| 260 |
|
|
|a Chicago :
|b Graham Foundation for Advanced Studies in the Fine Arts ;
|a New York :
|b Princeton Architectural Press,
|c c2008.
|
| 300 |
|
|
|a 192 p. :
|b ill. (chiefly col.) ;
|c 26 cm.
|
| 490 |
0 |
|
|a New voices in architecture
|
| 526 |
|
|
|a ARC
|
| 541 |
1 |
|
|e 00020874
|
| 610 |
2 |
0 |
|a Lewis.Tsurumaki.Lewis.
|9 32191
|
| 650 |
|
0 |
|a Architecture, Modern
|y 21st century.
|9 32192
|
| 700 |
1 |
|
|a Tsurumaki, Marc,
|d 1965-
|9 32193
|
| 700 |
1 |
|
|a Lewis, David J.,
|d 1966-
|9 32194
|
| 852 |
4 |
|
|a Ayesha Abed Library
|j General Shelf.
|
| 942 |
|
|
|2 ddc
|c BK
|
| 952 |
|
|
|0 0
|1 0
|2 ddc
|4 0
|6 720_922000000000000_LEW_2008
|7 0
|9 11823
|a BRACUL
|b BRACUL
|c GEN
|d 2010-09-15
|e TRIM EDUCATION
|g 3640.00
|l 7
|m 69
|o 720.922 LEW
|p 3010020874
|r 2021-12-23
|s 2021-12-15
|t 1
|w 2010-09-15
|y BK
|